000 00524nam a2200181Ia 4500
003 LDD
008 181101s9999 xx 000 0 und d
020 _a9789380104256
_c120.00
040 _cLDD
100 _aNomani, Allama Shibli
245 0 _aShora-ul- ajam
_cAllama Shibli Nomani
260 _aAzamgarh
_bDarul Musannefin Shiibli Academy
_c2016
300 _a191p. vol-
901 _a15919
_b16-03-2017
902 _a2839
_b16-03-2017
_cF
_dPIBD
_e8U
903 _a20
_bReqst by : Mohd Akbar
942 _2ddc
_cUR
999 _c63
_d63